书目信息 |
| 题名: |
南北朝史
|
|
| 作者: | 周一良 , 黄惠贤 , 卢开万 著 | |
| 分册: | ||
| 出版信息: | 北京 中国盲文出版社 2015.12 |
|
| 页数: | 133页 | |
| 开本: | 26cm | |
| 丛书名: | ||
| 单 册: | ||
| 中图分类: | K239.09 | |
| 科图分类: | ||
| 主题词: | 古代史--中国--南北朝时代--通俗读物 | |
| 电子资源: | ||
| ISBN: | 978-7-5002-6500-9 | |
| 000 | 00948nam0 2200277 450 | |
| 001 | 0102100416 | |
| 005 | 20210402100820.0 | |
| 010 | @a978-7-5002-6500-9@dCNY16.00 | |
| 100 | @a20160219e20172015em y0chiy50 ea | |
| 101 | 0 | @achi |
| 102 | @aCN@b110000 | |
| 105 | @aa z 000yy | |
| 106 | @ar | |
| 200 | 1 | @a南北朝史@Anan bei chao shi@f周一良, 黄惠贤, 卢开万著 |
| 210 | @a北京@c中国盲文出版社@d2015.12@h2017.05 | |
| 215 | @a133页@c图@d26cm | |
| 300 | @a中国大百科全书名家文库 | |
| 300 | @a国家彩票公益金资助大字版 | |
| 330 | @a本书从政治、经济、文化等多个角度全面而简要地介绍了南北朝时期历史的各个方方面面,中间还穿插介绍了众多知名历史人物和历史知名事件,内容丰富而饱满。 | |
| 606 | 0 | @a古代史@y中国@z南北朝时代@j通俗读物 |
| 690 | @aK239.09@v5 | |
| 701 | 0 | @a周一良@Azhou yi liang@4著 |
| 701 | 0 | @a黄惠贤@Ahuang hui xian@4著 |
| 701 | 0 | @a卢开万@Alu kai wan@4著 |
| 801 | 0 | @aCN@bBJSZM@c20210402 |
| 905 | @b1275213-6@dK239.09@e134@f4 | |
| 南北朝史/周一良, 黄惠贤, 卢开万著.-北京:中国盲文出版社,2015.12(2017.05) |
| 133页:图;26cm |
| 中国大百科全书名家文库.-国家彩票公益金资助大字版 |
| ISBN 978-7-5002-6500-9:CNY16.00 |
| 本书从政治、经济、文化等多个角度全面而简要地介绍了南北朝时期历史的各个方方面面,中间还穿插介绍了众多知名历史人物和历史知名事件,内容丰富而饱满。 |
| ● |
| 相关链接 |
|
|
|
|
正题名:南北朝史
索取号:K239.09/134
 
预约/预借
| 序号 | 登录号 | 条形码 | 馆藏地/架位号 | 状态 | 备注 |
| 1 | 1275213 | 212752136 | 第二样本阅览室/ [索取号:K239.09/134] | 在馆 | |
| 2 | 1275214 | 212752145 | 教育系资料室/ [索取号:K239.09/134] | 在馆 | |
| 3 | 1275215 | 212752154 | 教育系资料室/ [索取号:K239.09/134] | 在馆 | |
| 4 | 1275216 | 212752163 | 第二借阅区/ [索取号:K239.09/134] | 在馆 |